| 000 | 003660000a22001330004500 | ||
|---|---|---|---|
| 041 | 0 | _aENG | |
| 082 | 0 | 4 | _aG 269 Bea |
| 100 | 1 | _aBeardsley, Frank Grenville (1870-1954) | |
| 245 | 1 | 0 | _aReligious progress through religious revivals / Frank Grenville Beardsley |
| 260 | _aNew York, NY., USA : American Tract Society | ||
| 300 | _a181 Pag | ||
| 001 | 8089 | ||
| 942 | _cBK | ||
| 999 |
_c38286 _d38286 |
||